000
00470nam a2200133Ia 4500
008
100328s9999 xx 000 0 und d
082
_b
35439
100
_a
कालेलकर मधुसुदन
245
_a
दिल्या घरी तू सुखी रहा
260
_b
रंजना
630
_a
दिल्या घरी तू सुखी रहा
730
_a
दिल्या घरी तू सुखी रहा
942
_c
BOOK
999
_c
525347
_d
525344